[Event "AUT-chT (Women) 1718"]
[Site "Austria"]
[Date "2018.04.07"]
[Round "8.5"]
[White "Tschida, Verena"]
[Black "Sommer, Milena"]
[Result "1-0"]
[WhiteElo "1581"]
[BlackElo "1667"]
[PlyCount "105"]
[EventDate "2017.11.24"]
[EventType "team-tourn"]
[EventRounds "9"]
[EventCountry "AUT"]
[SourceTitle "EXT 2019"]
[Source "ChessBase"]
[SourceDate "2018.10.10"]
[SourceVersion "1"]
[SourceVersionDate "2018.10.10"]
[SourceQuality "1"]
[WhiteTeam "Wulkaprodersdorf (W)"]
[BlackTeam "Feffernitz (W)"]
[WhiteTeamCountry "AUT"]
[BlackTeamCountry "AUT"]

1. d4 d5 2. c4 e6 3. Nf3 Nf6 4. Bg5 Be7 5. Nc3 0-0 6. e3 b6 7. cxd5 Nxd5 8. Bxe7 Qxe7 9. Be2 Bb7 10. 0-0 Nd7 11. Rc1 Rac8 12. Qa4 a5 13. Rfd1 Rfd8 14. Nb5 c5 15. a3 Bc6 16. Qb3 Bb7 17. Rd2 cxd4 18. Rxc8 Rxc8 19. Nfxd4 Nc5 20. Qd1 Ne4 21. Rc2 Rxc2 22. Qxc2 Nc5 23. Bf3 Qg5 24. Nd6 Ba8 25. Nb3 Nxe3 26. fxe3 Bxf3 27. Qf2 Nxb3 28. Qxf3 Qe7 29. Qc6 h6 30. Qxb6 a4 31. Qb8+ Kh7 32. Qb4 Qa7 33. Qe4+ Kg8 34. Nb5 Qa5 35. Nc3 Nc5 36. Qb4 Qxb4 37. axb4 Na6 38. b5 Nc5 39. b6 Kf8 40. Nxa4 Nb7 41. Kf2 Ke7 42. Ke2 Kd6 43. Kd3 Kd5 44. b4 Kc6 45. Nc5 Kxb6 46. Nxb7 Kxb7 47. Kc4 Kb6 48. b5 g5 49. e4 f6 50. g4 e5 51. h3 Kb7 52. Kd5 Kb6 53. Ke6 1-0

[Event "AUT-chT (Women) 1617"]
[Site "Austria"]
[Date "2017.04.22"]
[Round "7.3"]
[White "Sommer, Milena"]
[Black "Krassnitzer, Maria"]
[Result "1/2-1/2"]
[WhiteElo "1661"]
[BlackElo "1611"]
[PlyCount "86"]
[EventDate "2017.01.14"]
[EventType "team-tourn"]
[EventRounds "11"]
[EventCountry "AUT"]
[SourceTitle "EXT 2018"]
[Source "ChessBase"]
[SourceDate "2017.10.13"]
[SourceVersion "1"]
[SourceVersionDate "2017.10.13"]
[SourceQuality "1"]
[WhiteTeam "Feffernitz (W)"]
[BlackTeam "St Veit/Glan (W)"]
[WhiteTeamCountry "AUT"]
[BlackTeamCountry "AUT"]

1. e4 d5 2. exd5 Qxd5 3. Nc3 Qa5 4. Nf3 Nf6 5. Be2 Bf5 6. 0-0 Nbd7 7. d4 0-0-0 8. h3 c6 9. Bd3 Bxd3 10. Qxd3 e6 11. Bf4 h6 12. Ne4 Nxe4 13. Qxe4 g5 14. Bg3 Bg7 15. c3 Qd5 16. Qxd5 exd5 17. Rfe1 Rde8 18. Rxe8+ Rxe8 19. Re1 Rxe1+ 20. Nxe1 f5 21. Nd3 f4 22. Bh2 b6 23. g3 fxg3 24. fxg3 c5 25. dxc5 bxc5 26. Kg2 Kb7 27. Bg1 Kc6 28. Kf3 a5 29. h4 gxh4 30. gxh4 Kb5 31. Nf4 Kc6 32. Ne6 Bf6 33. h5 Kd6 34. Nf4 Ne5+ 35. Ke2 a4 36. Bh2 Kc6 37. Bg1 Nc4 38. Nd3 d4 39. cxd4 cxd4 40. b3 axb3 41. axb3 Nd6 42. Nf4 Nf5 43. Kd3 Kc5 1/2-1/2

[Event "AUT-chT (Women) 1617"]
[Site "Austria"]
[Date "2017.01.14"]
[Round "1.4"]
[White "Sommer, Milena"]
[Black "Berger, Lisa"]
[Result "1/2-1/2"]
[WhiteElo "1661"]
[BlackElo "1643"]
[PlyCount "97"]
[EventDate "2017.01.14"]
[EventType "team-tourn"]
[EventRounds "11"]
[EventCountry "AUT"]
[SourceTitle "EXT 2018"]
[Source "ChessBase"]
[SourceDate "2017.10.13"]
[SourceVersion "1"]
[SourceVersionDate "2017.10.13"]
[SourceQuality "1"]
[WhiteTeam "Feffernitz (W)"]
[BlackTeam "Baden (W)"]
[WhiteTeamCountry "AUT"]
[BlackTeamCountry "AUT"]

1. e4 c5 2. Nf3 e6 3. d4 cxd4 4. Nxd4 Nc6 5. Nc3 a6 6. Be2 Qc7 7. Nf3 Nf6 8. a3 Be7 9. 0-0 0-0 10. Bg5 b5 11. Qd3 Bb7 12. Rad1 Rad8 13. Rfe1 Rfe8 14. Bh4 h6 15. Bg3 d6 16. h3 Rd7 17. Qe3 Rdd8 18. e5 dxe5 19. Nxe5 Nxe5 20. Bxe5 Qc8 21. Bf3 Bxf3 22. Qxf3 Rxd1 23. Rxd1 Rd8 24. Qe2 Rxd1+ 25. Qxd1 Qd8 26. Qxd8+ Bxd8 27. Kf1 Kf8 28. Ke2 Nd7 29. Bd6+ Be7 30. Bxe7+ Kxe7 31. Ne4 e5 32. b4 Ke6 33. Kd3 f5 34. Nd2 Kd5 35. c4+ bxc4+ 36. Nxc4 g6 37. a4 Kc6 38. g3 g5 39. Ne3 f4 40. gxf4 exf4 41. Nf5 h5 42. Ng7 g4 43. hxg4 hxg4 44. Ke4 g3 45. fxg3 fxg3 46. Kf3 Nb6 47. b5+ axb5 48. axb5+ Kxb5 49. Kxg3 1/2-1/2

[Event "AUT-ch U14 Girls"]
[Site "Altenmark"]
[Date "2011.06.14"]
[Round "7"]
[White "Sommer, Milena"]
[Black "Vogel, Doris"]
[Result "1/2-1/2"]
[WhiteElo "1551"]
[BlackElo "1523"]
[PlyCount "95"]
[EventDate "2011.06.11"]
[EventType "swiss"]
[EventRounds "7"]
[EventCountry "AUT"]
[SourceTitle "EXT 2013"]
[Source "ChessBase"]
[SourceDate "2012.11.22"]
[SourceVersion "1"]
[SourceVersionDate "2012.11.22"]
[SourceQuality "1"]

1. e4 c5 2. Nf3 Nc6 3. d4 cxd4 4. Nxd4 g6 5. Nc3 Bg7 6. Be3 Nf6 7. Be2 0-0 8. 0-0 d5 9. exd5 Nxd5 10. Nxd5 Qxd5 11. c3 Nxd4 12. Bxd4 Bxd4 13. Qxd4 Qxd4 14. cxd4 Rd8 15. Rfd1 Be6 16. b3 Kg7 17. Bc4 Bd5 18. Kf1 Rac8 19. Rac1 a6 20. Bxd5 Rxc1 21. Rxc1 Rxd5 22. Rc7 b5 23. Rxe7 Rxd4 24. Ra7 Rd6 25. Ke2 Kf6 26. Ke3 h5 27. a4 bxa4 28. bxa4 Ke6 29. h3 f5 30. f3 Ke5 31. g3 Kd5 32. g4 hxg4 33. hxg4 fxg4 34. fxg4 Ke5 35. Ra8 Kf6 36. Re8 Kg5 37. Re4 Rd5 38. Re6 Ra5 39. Re4 Rd5 40. Re6 a5 41. Re4 Kf6 42. Rf4+ Ke6 43. Re4+ Re5 44. Rxe5+ Kxe5 45. Kf3 Kf6 46. Kf4 g5+ 47. Ke4 Ke6 48. Kd4 1/2-1/2

[Event "AUT-ch U14 Girls"]
[Site "Altenmark"]
[Date "2011.06.13"]
[Round "5"]
[White "Sommer, Milena"]
[Black "Trippold, Denise"]
[Result "0-1"]
[WhiteElo "1551"]
[BlackElo "1713"]
[PlyCount "50"]
[EventDate "2011.06.11"]
[EventType "swiss"]
[EventRounds "7"]
[EventCountry "AUT"]
[SourceTitle "EXT 2013"]
[Source "ChessBase"]
[SourceDate "2012.11.22"]
[SourceVersion "1"]
[SourceVersionDate "2012.11.22"]
[SourceQuality "1"]

1. e4 c5 2. Nf3 e6 3. d4 cxd4 4. Nxd4 Nc6 5. Nc3 a6 6. Be2 Qc7 7. 0-0 Nf6 8. Be3 Bb4 9. Nxc6 bxc6 10. Qd3 0-0 11. f4 Bxc3 12. bxc3 d5 13. e5 Nd7 14. c4 a5 15. Rab1 Ba6 16. Qc3 c5 17. Qb3 Rfb8 18. Qa4 Nb6 19. Qa3 d4 20. Bd2 Nxc4 21. Rxb8+ Qxb8 22. Bxc4 Bxc4 23. Rd1 Qb5 24. g3 Bd5 25. Be1 Qe2 0-1

[Event "AUT-ch U14 Girls"]
[Site "Altenmark"]
[Date "2011.06.12"]
[Round "3"]
[White "Tinagl, Katrin"]
[Black "Sommer, Milena"]
[Result "0-1"]
[WhiteElo "1200"]
[BlackElo "1551"]
[PlyCount "72"]
[EventDate "2011.06.11"]
[EventType "swiss"]
[EventRounds "7"]
[EventCountry "AUT"]
[SourceTitle "EXT 2013"]
[Source "ChessBase"]
[SourceDate "2012.11.22"]
[SourceVersion "1"]
[SourceVersionDate "2012.11.22"]
[SourceQuality "1"]

1. e4 e5 2. Nf3 Nc6 3. Nc3 Nf6 4. Bc4 Bb4 5. 0-0 0-0 6. h3 d6 7. d3 Be6 8. Bb5 a6 9. Bxc6 bxc6 10. a3 Bxc3 11. bxc3 Rb8 12. Be3 Qd7 13. Ng5 d5 14. Qc1 Rb7 15. d4 exd4 16. Bxd4 Nxe4 17. Nxe4 dxe4 18. Qg5 f6 19. Qg3 Qd6 20. Qxd6 cxd6 21. Rfe1 d5 22. Bc5 Rfb8 23. c4 Rb2 24. c3 R8b3 25. Bd4 Bf5 26. cxd5 cxd5 27. Rec1 Rd2 28. Be3 Rdb2 29. c4 dxc4 30. Rxc4 Rb5 31. a4 R5b4 32. Rc6 Rb1+ 33. Bc1 Rxa1 34. Kf1 Rbb1 35. Ke2 Rxc1 36. Rxc1 Rxc1 0-1

[Event "AUT-ch U14 Girls"]
[Site "Altenmark"]
[Date "2011.06.11"]
[Round "2"]
[White "Sommer, Milena"]
[Black "Wu, Min"]
[Result "0-1"]
[WhiteElo "1551"]
[BlackElo "1439"]
[PlyCount "104"]
[EventDate "2011.06.11"]
[EventType "swiss"]
[EventRounds "7"]
[EventCountry "AUT"]
[SourceTitle "EXT 2013"]
[Source "ChessBase"]
[SourceDate "2012.11.22"]
[SourceVersion "1"]
[SourceVersionDate "2012.11.22"]
[SourceQuality "1"]

1. e4 e5 2. Nf3 Nc6 3. d4 exd4 4. Nxd4 Bb4+ 5. c3 Bc5 6. Be3 Bb6 7. Nd2 Nf6 8. Bd3 d6 9. 0-0 0-0 10. N2f3 Bg4 11. h3 Bh5 12. Re1 Ne5 13. Qe2 Re8 14. Rad1 Nxd3 15. Qxd3 Nxe4 16. Re2 Bg6 17. Qc4 d5 18. Qb3 a5 19. a4 Nc5 20. Qa2 Ne4 21. Bf4 c6 22. Rde1 Qf6 23. Be3 Bc7 24. Nd2 Qd6 25. N2f3 Qf6 26. Bg5 Qd6 27. Qa1 h6 28. Bd2 Qd7 29. Qc1 Nxd2 30. Qxd2 Kf8 31. Kf1 Rxe2 32. Rxe2 Re8 33. Rxe8+ Qxe8 34. Qe2 Qxe2+ 35. Kxe2 Ke7 36. Ke3 Bb6 37. Ne5 Bc2 38. Kf4 Bxd4 39. cxd4 Bxa4 40. g4 Bc2 41. h4 Be4 42. f3 Bc2 43. g5 hxg5+ 44. hxg5 g6 45. Ng4 Bf5 46. Ne3 Bd7 47. Ke5 b5 48. Nc2 Bf5 49. Ne3 b4 50. Nxf5+ gxf5 51. Kxf5 a4 52. Kf4 a3 0-1

[Event "AUT-ch U14 Girls"]
[Site "Eisenstadt"]
[Date "2010.05.25"]
[Round "7.6"]
[White "Auer, Christine"]
[Black "Sommer, Milena"]
[Result "0-1"]
[WhiteElo "1373"]
[BlackElo "1468"]
[PlyCount "62"]
[EventDate "2010.05.22"]
[EventType "swiss"]
[EventRounds "7"]
[EventCountry "AUT"]
[SourceTitle "EXT 2024"]
[Source "ChessBase"]
[SourceDate "2023.10.10"]
[SourceVersion "1"]
[SourceVersionDate "2023.10.10"]
[SourceQuality "1"]

1. e4 e5 2. Nf3 Nc6 3. Bc4 Nf6 4. Nc3 Nxe4 5. Nxe4 d5 6. Nc3 dxc4 7. d3 cxd3 8. Qxd3 Qxd3 9. cxd3 Bb4 10. Bd2 0-0 11. 0-0 Bf5 12. Nd5 Bxd2 13. Nxd2 Bxd3 14. Rfe1 Rfd8 15. Nc3 Rd6 16. Nde4 Bxe4 17. Nxe4 Rd4 18. f3 Nb4 19. Rec1 f5 20. Nf2 c6 21. a3 Nd3 22. Nxd3 Rxd3 23. Re1 Re8 24. Rac1 e4 25. fxe4 fxe4 26. Re2 e3 27. Rce1 Kf8 28. g3 Rd2 29. Rxd2 exd2 30. Rd1 Re1+ 31. Rxe1 dxe1Q+ 0-1

[Event "AUT-ch U14 Girls"]
[Site "Eisenstadt"]
[Date "2010.05.24"]
[Round "6.6"]
[White "Sommer, Milena"]
[Black "Bas, Aydan"]
[Result "1-0"]
[WhiteElo "1468"]
[BlackElo "1200"]
[PlyCount "73"]
[EventDate "2010.05.22"]
[EventType "swiss"]
[EventRounds "7"]
[EventCountry "AUT"]
[SourceTitle "EXT 2024"]
[Source "ChessBase"]
[SourceDate "2023.10.10"]
[SourceVersion "1"]
[SourceVersionDate "2023.10.10"]
[SourceQuality "1"]

1. e4 e5 2. Nf3 Nc6 3. d4 exd4 4. Nxd4 Qh4 5. Nc3 Bb4 6. Bd2 Nxd4 7. g3 Qf6 8. Bg2 Nc6 9. 0-0 Bc5 10. Nd5 Qd6 11. Bc3 Ne5 12. Re1 Nf6 13. Bxe5 Qxe5 14. Qd3 0-0 15. Qc3 Qxc3 16. Nxc3 d6 17. a3 Re8 18. Nd5 Nxd5 19. exd5 Bf5 20. c3 Kf8 21. a4 b6 22. b4 Bxb4 23. cxb4 Bd3 24. Rac1 a5 25. b5 Re7 26. Rxe7 Kxe7 27. Rxc7+ Kf8 28. Rb7 Bc2 29. Rxb6 Bxa4 30. Bf1 Bc2 31. Rxd6 a4 32. Ra6 Rd8 33. b6 Rb8 34. d6 Bf5 35. Bg2 Bd3 36. Rxa4 Rxb6 37. Ra8+ 1-0

[Event "AUT-ch U14 Girls"]
[Site "Eisenstadt"]
[Date "2010.05.24"]
[Round "5.5"]
[White "Stallinger, Vanessa"]
[Black "Sommer, Milena"]
[Result "1-0"]
[WhiteElo "1317"]
[BlackElo "1468"]
[PlyCount "75"]
[EventDate "2010.05.22"]
[EventType "swiss"]
[EventRounds "7"]
[EventCountry "AUT"]
[SourceTitle "EXT 2024"]
[Source "ChessBase"]
[SourceDate "2023.10.10"]
[SourceVersion "1"]
[SourceVersionDate "2023.10.10"]
[SourceQuality "1"]

1. e4 e5 2. Nf3 Nc6 3. Bc4 Be7 4. c3 Nf6 5. d4 exd4 6. cxd4 Bb4+ 7. Bd2 Bxd2+ 8. Nbxd2 d6 9. 0-0 0-0 10. h3 Re8 11. Re1 Bd7 12. Qc2 Re7 13. d5 Ne5 14. Nxe5 dxe5 15. Rf1 Qe8 16. Rae1 Bb5 17. f4 Rd8 18. f5 Bxc4 19. Qxc4 c6 20. d6 Rxd6 21. Qe2 Qd8 22. Nf3 Qb6+ 23. Kh2 Nd7 24. g4 f6 25. g5 Nc5 26. Rg1 Kf8 27. gxf6 gxf6 28. Rg2 Red7 29. Reg1 Rf7 30. Rg8+ Ke7 31. Rh8 Rd8 32. Rxd8 Qxd8 33. Rd1 Qg8 34. Qc4 b6 35. b4 Nb7 36. Qe6+ Kf8 37. Qc8+ Kg7 38. Rg1+ 1-0

[Event "AUT-ch U14 Girls"]
[Site "Eisenstadt"]
[Date "2010.05.23"]
[Round "3.4"]
[White "Sommer, Milena"]
[Black "Roeck, Vanessa"]
[Result "1/2-1/2"]
[WhiteElo "1468"]
[BlackElo "1572"]
[PlyCount "126"]
[EventDate "2010.05.22"]
[EventType "swiss"]
[EventRounds "7"]
[EventCountry "AUT"]
[SourceTitle "EXT 2024"]
[Source "ChessBase"]
[SourceDate "2023.10.10"]
[SourceVersion "1"]
[SourceVersionDate "2023.10.10"]
[SourceQuality "1"]

1. e4 d6 2. d4 Nf6 3. Nc3 g6 4. Bg5 Nbd7 5. Nf3 e5 6. dxe5 dxe5 7. Nd5 Bd6 8. Bd3 h6 9. Bxf6 Nxf6 10. 0-0 c6 11. Nxf6+ Qxf6 12. Qd2 Qf4 13. Qxf4 exf4 14. Rad1 Bg4 15. Be2 0-0-0 16. Rfe1 Rhe8 17. Rd4 Be5 18. Rxd8+ Rxd8 19. Nxe5 Bxe2 20. Nxf7 Rd1 21. Rxd1 Bxd1 22. Nxh6 Bxc2 23. f3 Kd7 24. g3 fxg3 25. hxg3 b5 26. Kf2 Ke6 27. Ke3 a5 28. Kf4 b4 29. Kg5 Bd1 30. f4 Bc2 31. f5+ gxf5 32. exf5+ Bxf5 33. Nxf5 c5 34. Kg6 c4 35. Ne3 c3 36. bxc3 bxc3 37. Nc2 Ke5 38. g4 Ke4 39. g5 Kd3 40. Na3 Kd2 41. Kf7 Kc1 42. g6 Kb2 43. g7 Kxa3 44. g8Q Kxa2 45. Qc8 Kb2 46. Qb7+ Kc1 47. Qb5 c2 48. Qxa5 Kb2 49. Qb4+ Ka2 50. Qc3 Kb1 51. Qb3+ Kc1 52. Ke6 Kd2 53. Qb4+ Ke2 54. Qc3 Kd1 55. Qd3+ Kc1 56. Kd5 Kb2 57. Qd2 Kb1 58. Qb4+ Ka1 59. Qc3+ Kb1 60. Qb3+ Ka1 61. Qc3+ Kb1 62. Qd3 Kb2 63. Qb5+ Ka2 1/2-1/2

[Event "AUT-ch U14 Girls"]
[Site "Eisenstadt"]
[Date "2010.05.22"]
[Round "1.6"]
[White "Sommer, Milena"]
[Black "Gangelberger, Miriam"]
[Result "1-0"]
[WhiteElo "1468"]
[BlackElo "1258"]
[PlyCount "59"]
[EventDate "2010.05.22"]
[EventType "swiss"]
[EventRounds "7"]
[EventCountry "AUT"]
[SourceTitle "EXT 2024"]
[Source "ChessBase"]
[SourceDate "2023.10.10"]
[SourceVersion "1"]
[SourceVersionDate "2023.10.10"]
[SourceQuality "1"]

1. e4 e5 2. Nf3 Nc6 3. d4 d6 4. dxe5 dxe5 5. Qxd8+ Nxd8 6. Nxe5 Ne6 7. Bc4 Bd6 8. Nf3 Nf6 9. Nc3 0-0 10. 0-0 Bb4 11. Re1 Bxc3 12. bxc3 Nc5 13. Bd3 Bf5 14. exf5 Rad8 15. Ne5 Rd5 16. Ba3 Rfd8 17. Bc4 R5d6 18. Bxc5 Rd2 19. Bxf7+ Kh8 20. Bb3 Ne4 21. Nf7+ Kg8 22. Nxd8+ Kh8 23. Rxe4 Rxd8 24. Rae1 h6 25. Re8+ Kh7 26. Rxd8 h5 27. Ree8 g6 28. Rd7+ Kh6 29. Be3+ g5 30. Re6# 1-0